| 000 | 00536nam a22001817a 4500 | ||
|---|---|---|---|
| 003 | CEME | ||
| 005 | 20210628205435.0 | ||
| 008 | 210316b xxu||||| |||| 00| 0 eng d | ||
| 020 | _a0-201-87043-6 | ||
| 040 | _c. | ||
| 082 | _a005.133-L CAL'L | ||
| 100 |
_aCallery, Michael _975560 |
||
| 245 | _aLearning lingo the art and science of programming with macromedia director | ||
| 260 |
_aNEW YORK _bADDISON WESLEY _c1996 |
||
| 300 | _a335P | ||
| 650 |
_aLINGO-COMPUTER PROGRAMMING LANGUAGE MULTIMEDIA SYSTEM _975561 |
||
| 942 |
_cBK _2ddc |
||
| 999 |
_c580957 _d580957 |
||